composition Real madrid-bvb dormund (2024) - Statistiques

Statistiques générales
  • Ce quiz a été pris 19 fois
  • Le résultat moyen est 8 sur 24
Statistiques - réponses
Poste joueur % Correct
Coach Carlo Ancelotti
73%
DG Ferland Mendy
67%
AG Vinícius Júnior
67%
DC Antonio Rüdiger
60%
AD Rodrygo
60%
DD Dani Carvajal
53%
BU Jude Bellingham
53%
AG Karim Adeyemi
47%
G Thibaut Courtois
40%
MC Federico Valverde
33%
MOC Julian Brandt
33%
MC Toni Kroos
33%
G Kobel
27%
Coach Edin Terzić
20%
MC Eduardo Camavinga
20%
MC Emre Can
13%
AD Jadon Sancho
13%
DC Mats Hummels
13%
DC Nacho Fernández
13%
BU Niclas Füllkrug
13%
DC Nico Schlotterbeck
13%
DG Julian Ryerson
7%
MC Marcel Sabitzer
7%
DD Ian Maatsen
0%
Aucun quiz correspondant
Distribution des résultats
% des personnes avec chaque résultat
Percentile par nombre de réponses
Votre historique - résultats
Vous n’avez pas pris ce quiz